Estadísticas para Plantilla Atlético de Madrid 2022-23

Haz click aquí para intentar la prueba.

Estadísticas generales

  • Esta prueba ha sido intentada 147 veces
  • La puntuación promedio es 19 de 25

Estadísticas de respuestas

HintRespuesta% Correcto
13Jan Oblak
99%
8Antoine Griezmann
97%
6Koke Resurrección
96%
19Álvaro Morata
93%
10Ángel Correa
90%
2Jose María Giménez
90%
15Stefan Savić
90%
14Marcos Llorente
84%
21Yannick Carrasco
84%
9Memphis Depay
82%
5Rodrigo De Paul
82%
17Saúl Ñíguez
81%
7João Félix
80%
16Nahuel Molina
79%
11Thomas Lemar
79%
23Reinildo Mandava
75%
1Ivo Grbić
73%
22Mario Hermoso
73%
24Pablo Barrios
69%
20Axel Witsel
67%
4Geoffrey Kondogbia
58%
9Matheus Cunha
47%
3Sergio Reguilón
45%
18Felipe Monteiro
42%
12Matt Doherty
30%

Distribución de puntuación

Porcentaje por número respondido

Porcentaje de gente con cada puntuación

Historial de tus puntuaciones

No has intentado esta prueba.